Have These Rappers Had A Collab? - Statistics

General Stats
  • This quiz has been taken 116 times
  • The average score is 10 of 15
Answer Stats
Question Answer % Correct
A$AP Rocky & Drake Yes
88%
Kendrick Lamar & YNW Melly No
85%
Tyler the Creator & Juice WRLD No
85%
Playboi Carti & Young Thug Yes
82%
Roddy Ricch & Lil Uzi Vert No
79%
21 Savage & Snoop Dogg No
79%
Kanye West & Pharrell Williams Yes
79%
Kendrick Lamar & Cardi B No
68%
Tyler The Creator & Jay-Z No
65%
Migos & Lil Wayne Yes
62%
XXXTentacion & Kanye West Yes
62%
Pop Smoke & Travis Scott Yes
62%
Post Malone & Kendrick Lamar No
59%
Pop Smoke & Drake Yes
35%
Lil Uzi Vert & J. Cole Yes
26%
No matching quizzes found
Score Distribution
Percent of People with Each Score
Percentile by Number Answered
Your Score History
You have not taken this quiz